00889nam a2200241 a 45000010005000000030010000050050017000150080041000320200018000730400025000910800026001161000025001422400039001672450093002062500011002992600034003103000033003445000168003776500036005456500025005817000019006067000022006251151BR-CuiBMT20231212225831.0231129s2017 mtba 000 0 por d a9788592307806 aBR-CuiBMTcBR-CuiBMT 22007a778.35x(817.2)1 aCarneiro, Tiago Sá aLucas do Rio Verde in the highest00aLucas do Rio Verde em alta /cTiago Sá Carneiro ; [ Josi Pegoraro, Isadora Bonasina ]. a1. ed. aSão Paulo :bIpsis ,c2017. a216 p. :bil. color ;c30 cm aPublicação contendo fotografias aéreas da cidade de Lucas do Rio Verde, Mato Grosso. Texto em português con tradução paralela para a língua inglesa.  aLucas do Rio VerdezMato Grosso aFotografias aéreas aPegoraro, Josi aBonasina, Isadora